书目信息 |
| 题名: |
认证认可促进产业高质量发展研究
|
|
| 作者: | 曾洪鑫 , 周明辉 , 郑方辉 著 | |
| 分册: | ||
| 出版信息: | 北京 新华出版社 2021 |
|
| 页数: | 330页 | |
| 开本: | 24cm | |
| 丛书名: | ||
| 单 册: | ||
| 中图分类: | F752.86 , F752 | |
| 科图分类: | ||
| 主题词: | 出口贸易--认证--关系--贸易发展--产业发展--广东--香港--澳门 | |
| 电子资源: | ||
| ISBN: | 978-7-5166-6063-8 | |
| 000 | 01145nam0 2200265 450 | |
| 001 | 2241217727 | |
| 005 | 20220922112731.90 | |
| 010 | @a978-7-5166-6063-8@dCNY88.00 | |
| 100 | @a20211206d2021 em y0chiy50 ea | |
| 101 | 0 | @achi |
| 102 | @aCN@b110000 | |
| 105 | @ay z 000yy | |
| 200 | 1 | @a认证认可促进产业高质量发展研究@9ren zheng ren ke cu jin chan ye gao zhi liang fa zhan yan jiu@e以粤港澳大湾区出口产业为例@f曾洪鑫,周明辉,郑方辉著 |
| 210 | @a北京@c新华出版社@d2021 | |
| 215 | @a330页@d24cm | |
| 300 | @a“十三五”国家重点研发计划项目“互联网+认证认可共性技术研究与应用”资助出版 | |
| 330 | @a本书介绍发展水平量化评测指标体系和促进效用分析数学模型,并以粤港澳大湾区12个出口商品行业为样本开展实证研究,全景透视认证认可对产业高质量发展的促进效用,挖掘存在问题和不足之处,并针对性地提出政策措施。 | |
| 606 | 0 | @a出口贸易@x认证@x关系@x贸易发展@x产业发展@y广东@y香港@y澳门 |
| 690 | @aF752.86@v5 | |
| 690 | @aF752@v4 | |
| 701 | 0 | @a曾洪鑫@9zeng hong xin@c(质量管理)@4著 |
| 701 | 0 | @a周明辉@9zhou ming hui@f(1973-)@4著 |
| 701 | 0 | @a郑方辉@9zheng fang hui@f(1964-)@4著 |
| 801 | 0 | @aCN@b91MARC@c20211226 |
| 905 | @aZUCC@dF752@e322 | |
| 认证认可促进产业高质量发展研究:以粤港澳大湾区出口产业为例/曾洪鑫,周明辉,郑方辉著.-北京:新华出版社,2021 |
| 330页;24cm |
| “十三五”国家重点研发计划项目“互联网+认证认可共性技术研究与应用”资助出版 |
| ISBN 978-7-5166-6063-8:CNY88.00 |
| 本书介绍发展水平量化评测指标体系和促进效用分析数学模型,并以粤港澳大湾区12个出口商品行业为样本开展实证研究,全景透视认证认可对产业高质量发展的促进效用,挖掘存在问题和不足之处,并针对性地提出政策措施。 |
| ● |
| 相关链接 |
|
|
|
正题名:认证认可促进产业高质量发展研究
索取号:F752/322
 
预约/预借
| 序号 | 登录号 | 条形码 | 馆藏地/架位号 | 状态 | 备注 |
| 1 | 2000901692 | 2000901692 | 第三书库/ [索取号:F752/322] | 在馆 | |
| 2 | 2000901693 | 2000901693 | 第三书库/ [索取号:F752/322] | 在馆 | |
| 3 | 2000901694 | 2000901694 | 第三书库/ [索取号:F752/322] | 在馆 |